Antología de escritores contemporáneos de los Estados Unidos. Tomo II

Gespeichert in:
Bibliographische Detailangaben
Format: Buch
Sprache:Undetermined
Veröffentlicht: Santiago, Chile Editorial Nascimento 1944
Schlagworte:
Tags: Tag hinzufügen
Keine Tags, Fügen Sie den ersten Tag hinzu!

MARC

LEADER 00000nam a2200000Ia 4500
008 170316s9999 xx 000 0 und d
090 |a A-810 A-4a v.2 
245 |a Antología de escritores contemporáneos de los Estados Unidos. Tomo II 
260 |a Santiago, Chile 
260 |b Editorial Nascimento 
260 |c 1944 
300 |a 566 páginas 
650 |a LITERATURA ESTADOUNIDENSE 
650 |a ANTOLOGÍA 
999 |c 27600  |d 27600 
040 |a cru BVZT 
942 |c 15 D  |h A-810 A-4a v.2  |2 z